1815 - krvavý mír /

Hlavní autor: Ebert, Sabine, 1958-
Další autoři: Čížek, Vítězslav, 1952-
Jazyk: Čeština
Vydáno: Praha : Knižní klub, 2016
Vydání: Vydání první
Témata:
Fyzický popis: 981 stran ; 21 cm
Knihy
Uloženo v:
LEADER 01832nam a2200517 i 4500
001 nkc20162806528
003 CZ PrNK
005 20170130144621.0
007 ta
008 160624s2016 xr g 000 f cze
015 |a cnb002806528 
020 |a 978-80-242-5486-9  |q (vázáno) 
035 |a (OCoLC)972610216 
040 |a BOA001  |b cze  |d ABA001  |e rda 
041 1 |a cze  |h ger 
045 |a w1w1 
072 7 |a 821.112.2-3  |x Německá próza, německy psaná  |2 Konspekt  |9 25 
080 |a 821.112.2-31  |2 MRF 
080 |a 94(4)"1800/1815"  |2 MRF 
080 |a (0:82-311.6)  |2 MRF 
100 1 |a Ebert, Sabine,  |d 1958-  |7 kv2009496987  |4 aut 
240 1 0 |a 1815 - Blutfrieden.  |l Česky 
245 1 0 |a 1815 - krvavý mír /  |c Sabine Ebertová ; z německého originálu 1815 - Blutfrieden ... přeložil Vítězslav Čížek 
246 3 |a Osmnáct set patnáct - krvavý mír 
246 3 |a Tisíc osm set patnáct - krvavý mír 
246 3 0 |a Krvavý mír 
250 |a Vydání první 
264 1 |a Praha :  |b Knižní klub,  |c 2016 
300 |a 981 stran ;  |c 21 cm 
336 |a text  |b txt  |2 rdacontent 
337 |a bez média  |b n  |2 rdamedia 
338 |a svazek  |b nc  |2 rdacarrier 
500 |a Terminologický slovník 
650 0 7 |a napoleonské války (1800-1815)  |7 ph123166  |2 czenas 
650 0 9 |a Napoleonic Wars (1800-1815)  |2 eczenas 
655 7 |a německé romány  |7 fd132945  |2 czenas 
655 7 |a historické romány  |7 fd132414  |2 czenas 
655 9 |a German fiction  |2 eczenas 
655 9 |a historical novels  |2 eczenas 
700 1 |a Čížek, Vítězslav,  |d 1952-  |7 jn19981002699  |4 trl 
910 2 |a BOA001  |b 2-1378.417 
928 9 |a Euromedia Group - Knižní klub 
990 |a BK 
995 |a 01 
991 |b 201701  |c NOV 
996 6 |b 2610691957  |c 2-1378.417  |l MZK  |r Sklad / do 1 hodiny  |n 1  |p p.v.  |w 001593892  |u 000010  |a 1  |e BOA001  |j MZK50  |s P